General Knowledge #200 - Statistics

General Stats
  • This quiz has been taken 593 times
  • The average score is 3 of 18
Answer Stats
Hint Answer % Correct
Who led fascist Italy during the Second World War Mussolini
65%
Famously know as the emperor who "fiddled while Rome burned" Nero
53%
Where was Napoleon Bonaparte born Corsica
41%
Name of the government in control of occupied France during WW2 Vichy
37%
Smallest country in the Pacific Nauru
29%
Famous escapologist Harry Houdini was born in this city Budapest
26%
Only Ancient Wonder to remain largely intact Great Pyramid of Giza
15%
Richest country in the world Luxembourg
15%
In Greek mythology, this woman was visited by Zeus in the form of a swan Leda
14%
Archduke Franz Ferdinand's killer Gavrilo Princip
9%
Byzantine Emperor at time of the construction of the Hagia Sophia Justinian
9%
This was Helen of Troy's Greek husband, the King of Laconia Menelaus
9%
Macedonian general and founder of an Egyptian dynasty Ptolemy
8%
The region in which Vietnam, Cambodia, Laos and Thailand are found is also called this Mekong
6%
Wife of above, powerful empress and former prostitute Theodora
4%
Built for this Egyptian pharaoh Khufu
3%
Traditionally regarded as the inventor of paper Cai Lun
2%
Widely refered to as the "Father of History" Herodatus
2%
No matching quizzes found
Score Distribution
Percent of People with Each Score
Percentile by Number Answered
Your Score History
You have not taken this quiz